Rekonštrukcia rolovacích dráh na letisku M.R. Štefánika v Bratislave

Salvato in:
Dettagli Bibliografici
Autore principale: Medelská, Barbora (Autore)
Altri autori: Zuzulová, Andrea (Relatore della tesi)
Natura: Manoscritto Libro
Lingua:slovacco
Pubblicazione: 2025
Soggetti:
Accesso online:http://is.stuba.sk/zp/portal_zp.pl?podrobnosti=181951
CRZP
Tags: Aggiungi Tag
Nessun Tag, puoi essere il primo ad aggiungerne!!

MARC

LEADER 00000ntm a22000003a 4500
001 stuzp102282
003 SK-STU
005 20250729140941.8
007 ta
008 150427s2015----xo-----f-mn---000-0-slo-d
040 |a STU  |b slo 
041 0 |a slo 
100 1 |a Medelská, Barbora  |u 010120  |4 aut  |U SvF Stavebná fakulta  |T SvF Katedra dopravných stavieb  |X 110741  |U V120  |Y 12  |7 110741 
242 0 1 |a Reconstruction of taxiways at the airport M.R. Štefánika in Bratislava  |y eng 
245 1 0 |a Rekonštrukcia rolovacích dráh na letisku M.R. Štefánika v Bratislave 
260 |c 2025 
650 4 |a Reconstruction  |2 eng 
650 4 |a Taxiway  |2 eng 
650 4 |a Airport  |2 eng 
650 4 |a Category E Aircraft  |2 eng 
650 4 |a Rekonštrukcia  |2 slo 
650 4 |a Rolovacia dráha  |2 slo 
650 4 |a Letisko  |2 slo 
650 4 |a Lietadlá kategórie E  |2 slo 
700 1 |a Zuzulová, Andrea  |u 010120  |k Z1  |4 ths  |U SvF Stavebná fakulta  |T SvF Katedra dopravných stavieb  |X 921  |U V120  |Y 12  |7 A000000921 
856 4 |u http://is.stuba.sk/zp/portal_zp.pl?podrobnosti=181951 
856 4 |u https://opac.crzp.sk/?fn=detailBiblioForm&sid=226A7A544DA3649F685832E9F6D0  |z CRZP